Normal view
MARC view
Entry Personal Name
001 - CONTROL NUMBER
- control field: 1635
003 - CONTROL NUMBER IDENTIFIER
- control field: OSt
005 - DATE AND TIME OF LATEST TRANSACTION
- control field: 20200129125907.0
008 - FIXED-LENGTH DATA ELEMENTS
- fixed length control field: 200129|| aca||aabn | a|a d
040 ## - CATALOGING SOURCE
- Original cataloging agency: OSt
- Transcribing agency: OSt
100 ## - HEADING--PERSONAL NAME
- Personal name: Bušniaková, Ivana
670 ## - SOURCE DATA FOUND
- Source citation: Work cat.: (OSt)0: Kast-Zahn, Annette, 1956- aut 1633, Ako naučiť deti pravidlá